000 00293nam a2200109Ia 4500
008 200302s9999 xx 000 0 und d
100 _aC. Dorje and D.N. Dimri
245 _aKumbhalgarh the pride of Maharanas of Mewar
260 _bAryan Books International
260 _c2008
300 _a156 P.,
999 _c4044
_d4044